000
00341nam a2200145Ia 4500
008
221030s9999 xx 000 0 und d
041
_a
English
082
_a
105.23
100
_a
A. Belevtsev
245
0
_a
Radio Circuit Construction
_c
by A. Belevtsev
260
_b
MIR Pub.
_a
Moscow
_c
1974
300
_a
284
650
_a
EE
942
_c
BK
999
_c
11372
_d
11372